000 nam a22 7a 4500
999 _c4895
_d4895
005 20210323153128.0
008 210323b2021 xxu||||| |||| 00| 0 eng d
020 _a798408008314
040 _aAKMAL
082 _a786.28 BAL
090 _a786.28
_b BAL
100 _aAndrew Balent and Quincy C.Hilliard
_99273
245 _aSkill Builders : Warmups and Technical Studies for the Developing Performer (Percussion)
_b: Book 2
260 _aNew York
_bCarl Fischer
264 _aNew York
_bCarl Fischer
300 _ccm
942 _2ddc
_cBOOK